Symposium on cropping systems research and development for the Asian rice farmer
Shranjeno v:
| Glavni avtor: | |
|---|---|
| Format: | Knjiga |
| Jezik: | Undetermined |
| Izdano: |
Manila
IRRI
1971
|
| Teme: | |
| Oznake: |
Označite
Brez oznak, prvi označite!
|
| Thư viện lưu trữ: | Trung tâm Học liệu Trường Đại học Cần Thơ |
|---|
| LEADER | 00563nam a2200181Ia 4500 | ||
|---|---|---|---|
| 001 | CTU_13192 | ||
| 008 | 210402s9999 xx 000 0 und d | ||
| 082 | |a 631.54 | ||
| 082 | |b B798s | ||
| 100 | |a Nyle C Brady | ||
| 245 | 0 | |a Symposium on cropping systems research and development for the Asian rice farmer | |
| 245 | 0 | |c Nyle C Brady, IRRI | |
| 260 | |a Manila | ||
| 260 | |b IRRI | ||
| 260 | |c 1971 | ||
| 650 | |a agriculture - international cooperation,agriculture - research | ||
| 904 | |i Minh, 961123 | ||
| 980 | |a Trung tâm Học liệu Trường Đại học Cần Thơ | ||